2023-24 EFL Championship teams - Statistics

General Stats
  • This quiz has been taken 106 times
  • The average score is 18 of 24
Answer Stats
Hint Answer % Correct
Team Leeds United
96%
Team Leicester City
96%
Team Ipswich Town
90%
Team Southampton
90%
Team Birmingham City
85%
Team Sunderland
85%
Team Norwich City
84%
Team Cardiff City
79%
Team Swansea City
78%
Team Blackburn Rovers
76%
Team Bristol City
76%
Team Hull City
75%
Team Plymouth Argyle
75%
Team Sheffield Wednesday
75%
Team West Bromwich Albion
75%
Team Coventry City
70%
Team Queens Park Rangers
70%
Team Watford
70%
Team Huddersfield Town
69%
Team Preston North End
69%
Team Middlesbrough
64%
Team Millwall
64%
Team Stoke City
58%
Team Rotherdam United
1%
No matching quizzes found
Score Distribution
Percent of People with Each Score
Percentile by Number Answered
Your Score History
You have not taken this quiz